000 00624nam a2200217Ia 4500
003 GCL
008 140319s9999 xx 000 0 ara d
040 _aGCL /
_cGCL
082 0 4 _a328.30962
_bي ق
100 1 _aيونان لبيب رزق
245 1 0 _aقصة البرلمان المصرى /
_cيونان لبيب رزق
260 _a[S.N] :
_bدار الهلال للطباعة والنشر ،
_c1991
300 _a150 ص
490 _a
650 0 4 _aمصر
650 0 4 _aتاريخ
650 0 4 _aالتاريخ
650 0 4 _aالهيئات التشريعية
650 0 4 _aالبرلمان
942 _2ddc
_cBK
999 _c35292
_d35292